Risk-Based Investing In the German Stock Market

Vlastnosti rizikových portfólií na nemeckej burze. Teoretické a empirické charakteristiky piatich rizikových investícií vlatného kapitálu: portfólio rovnakého pomeru, minimálneho rozdielu, maximálnej diverzifikácie a rizikovej parity. CDAX index.

Salvato in:
Dettagli Bibliografici
Autore principale: Bastin, Jan
Natura: Capitolo di libro
Lingua:inglese
Soggetti:
Tags: Aggiungi Tag
Nessun Tag, puoi essere il primo ad aggiungerne!!

MARC

LEADER 00000naa a2200000 4500
001 0241659
005 20180403113027.9
041 0 |a eng 
044 |a CZ 
245 1 0 |a Risk-Based Investing In the German Stock Market  |c Jan Bastin 
520 |a Vlastnosti rizikových portfólií na nemeckej burze. Teoretické a empirické charakteristiky piatich rizikových investícií vlatného kapitálu: portfólio rovnakého pomeru, minimálneho rozdielu, maximálnej diverzifikácie a rizikovej parity. CDAX index. 
610 2 0 |a burzy 
610 2 0 |a trh burzový 
610 2 0 |a investície 
610 2 0 |a investície kapitálové 
610 2 0 |a riziko investičné 
610 2 0 |a indexy burzové 
610 2 0 |a návratnosť investícií 
610 2 0 |a modely investícií 
610 2 0 |a Nemecko 
100 1 |a Bastin, Jan